Online
Catalog

Manual elemental de lógica jurídica para abogados / (Record no. 60500)

MARC details
000 -CABECERA
campo de control de longitud fija 02051nam a2200277 i 4500
001 - NÚMERO DE CONTROL
campo de control 000000364
003 - IDENTIFICADOR DEL NÚMERO DE CONTROL
campo de control DO-SdBNP
005 - FECHA Y HORA DE LA ÚLTIMA TRANSACCIÓN
campo de control 20260313082248.0
007 - CAMPO FIJO DE DESCRIPCIÓN FÍSICA--INFORMACIÓN GENERAL
campo de control de longitud fija ta
008 - DATOS DE LONGITUD FIJA--INFORMACIÓN GENERAL
campo de control de longitud fija 260413s2002 dr r 001 0 spa d
040 ## - FUENTE DE LA CATALOGACIÓN
Centro catalogador/agencia de origen DO-SdBNP
Lengua de catalogación spa
Centro/agencia transcriptor BNPHU
Normas de descripción rda
041 ## - CÓDIGO DE LENGUA
Código de lengua del texto/banda sonora o título independiente spa
082 ## - NÚMERO DE LA CLASIFICACIÓN DECIMAL DEWEY
Número de clasificación 340.1
Número de documento/Ítem S232m, 2002
Número de edición 22
100 ## - ENTRADA PRINCIPAL--NOMBRE DE PERSONA
Nombre de persona Santana Marcano, Miguel Ángel,
Fechas asociadas al nombre 1967-
Término indicativo de función/relación autor
9 (RLIN) 48937
245 10 - MENCIÓN DE TÍTULO
Título Manual elemental de lógica jurídica para abogados /
Mención de responsabilidad, etc. Miguel Ángel Santana Marcano.
264 ## - PRODUCCIÓN, PUBLICACIÓN, DISTRIBUCIÓN, FABRICACIÓN Y COPYRIGHT
Producción, publicación, distribución, fabricación y copyright Santo Domingo :
Nombre del de productor, editor, distribuidor, fabricante Libreria y Papeleria La Filantropica
Fecha de producción, publicación, distribución, fabricación o copyright 2002
300 ## - DESCRIPCIÓN FÍSICA
Extensión 79 p. ;
Dimensiones 22 cm.
336 ## - TIPO DE CONTENIDO
Término de tipo de contenido texto
Código de tipo de contenido txt
Fuente rdacontent
337 ## - TIPO DE MEDIO
Nombre/término del tipo de medio sin mediación
Código del tipo de medio n
Fuente rdamedia
338 ## - TIPO DE SOPORTE
Nombre/término del tipo de soporte volumen
Código del tipo de soporte nc
Fuente rdacarrier
505 0# - NOTA DE CONTENIDO CON FORMATO
Título Qué es la lógica? --
-- Los primeros principios --
-- Qué es un concepto --
-- El árbol de Porfirio --
-- Qué es el juicio --
-- División clásica de los juicios --
-- Qué es la conversión de un juicio --
-- Reglas sobre la verdad y falsedad de los juicios resultantes de la conversión y controversias --
-- Relación entre el juicio y la proposición --
-- El razonamiento o raciocinio --
-- Clases de razonamientos --
-- Qué es el silogismo? --
-- Reglas del silogismos --
-- Qué es una figura silogística --
-- Qué es un modo silogístico? --
-- Qué es un modo silogístico? --
-- La primera figuara silogística --
-- La segunda figura silogística --
-- La tercera figura silogística --
-- La cuarta figura silogística --
-- La cuarta figura silogística --
-- Reducción de los silogismos --
-- Qué es una conversión peraccidens? --
-- Qué es la reducción ad inpossibile? --
-- Qué es el silogismo hipotético? --
-- Qué es un entimema --
-- Qué es un epiquerema? --
-- Qué es un sorites? --
-- Qué es un dilema? --
-- Qué es un argumento? --
-- Qué es argumentación concluyente? --
-- Qué es argumento analógico? --
-- Vicios de la argumentación --
-- Clasificación de los sofismos verbales --
-- Sofismos materiales o de pensamiento.
650 #4 - PUNTO DE ACCESO ADICIONAL DE MATERIA--TÉRMINO DE MATERIA
Término de materia o nombre geográfico como elemento de entrada Filosofía del derecho
9 (RLIN) 1175
650 #4 - PUNTO DE ACCESO ADICIONAL DE MATERIA--TÉRMINO DE MATERIA
Término de materia o nombre geográfico como elemento de entrada Lógica (derecho)
9 (RLIN) 1174
910 ## - DATOS DE OPCIÓN DEL USUARIO (OCLC)
Datos de opción del usuario DG
942 ## - ELEMENTOS DE PUNTO DE ACCESO ADICIONAL (KOHA)
Fuente del sistema de clasificación o colocación Dewey Decimal Classification
Tipo de ítem Koha Libro
Holdings
Estado de retiro Estado de pérdida Fuente del sistema de clasificación o colocación Restricciones de uso No para préstamo Código de colección Localización permanente Ubicación/localización actual Ubicación en estantería Fecha de adquisición Fuente de adquisición Total de préstamos Signatura topográfica completa Código de barras Fecha visto por última vez Precio válido a partir de Tipo de ítem Koha Nota pública
    Dewey Decimal Classification Excluido de préstamo   Patrimonio Dominicano Biblioteca Nacional Pedro Henríquez Ureña Biblioteca Nacional Pedro Henríquez Ureña En catalogación 13.03.2026 Donación   BNPHU PD 340.1 S232m, 2002 2026-2147 13.03.2026 13.03.2026 Libro Federico Henríquez Grateraux

Powered by Koha